000 01239nam a2200133Ia 4500
008 220615s9999||||xx |||||||||||||| ||und||
020 _a9780260000000
245 0 _aDigital Economies at Global Margins
546 _aEnglish[eng]
650 _adigitization||disintermediation||Internet||East Africa||trade||ICT||ICT4D||agriculture||value chains||knowledge exchange||women's economic empowerment||digital development||neoliberalism||Chile||Tanzania||entrepreneurship||digital humanitarianism||philanthro-capitalism||crowdsourcing||social media||neoliberalis||food security||anti-poverty programs||Aadhaar||India||mobile phones||China||Uganda||boundary object||innovation hubs||discourse||technology||digital economy||coding||hackathons||infrastructure investment||technical innovation||volunteers||service outsourcing||impact sourcing||corporate social responsibility||the Philippines||gig economy||digital labor||outsourcing||freelancing||precarity||discrimination||online platforms||Latin America||alternative digital economy||marginality||Shenzhen||Shanzhai||Didi Chuxing||ride-hailing platforms||connectivity||development||logistics
700 _aGraham, Mark
856 _uhttps://doi.org/10.7551/mitpress/10890.001.0001
942 _cEB
999 _c10956
_d10956